[Event "African Games-chT 2019"]
[Site "Casablanca"]
[Date "2019.08.25"]
[Round "7.5"]
[White "Hamdouchi, Hicham"]
[Black "Bellahcene, Bilel"]
[Result "0-1"]
[WhiteElo "2562"]
[BlackElo "2550"]
[Annotator "ChessBase"]
[PlyCount "48"]
[EventDate "2019.08.24"]
[EventType "team-tourn"]
[EventCountry "MAR"]
[SourceTitle "playchess.com"]
[Source "ChessBase"]
[SourceQuality "1"]
[WhiteTeam "Morocco"]
[BlackTeam "Algeria"]
[WhiteTeamCountry "MAR"]
[BlackTeamCountry "ALG"]
[TimeControl "900+10"]

1. e4 {[%emt 0:00:00]} e5 {[%emt 0:00:00]} 2. Nf3 {[%emt 0:00:00]} Nc6 {[%emt 0:00:00]} 3. Bc4 {[%emt 0:00:00]} Nf6 {[%emt 0:00:00]} 4. d3 {[%emt 0:00:00]} h6 {[%emt 0:00:00]} 5. Nbd2 {[%emt 0:00:26]} d6 {[%emt 0:00:00]} 6. Nf1 {[%emt 0:00:13]} g6 {[%emt 0:00:00]} 7. h3 {[%emt 0:00:14]} Bg7 {[%emt 0:00:00]} 8. Be3 {[%emt 0:00:09]} O-O {[%emt 0:00:15]} 9. Qd2 {[%emt 0:01:21]} Kh7 {[%emt 0:00:00]} 10. N1h2 {[%emt 0:00:01]} d5 {[%emt 0:00:05]} 11. exd5 {[%emt 0:00:03]} Nxd5 {[%emt 0:00:28]} 12. Bxd5 {[%emt 0:00:24]} Qxd5 {[%emt 0:00:01]} 13. Ng4 {[%emt 0:00:02]} g5 {[%emt 0:02:45]} 14. Nxh6 {[%emt 0:05:30]} Bxh6 {[%emt 0:00:09]} 15. h4 {[%emt 0:00:01]} Bg7 {[%emt 0:00:10]} 16. hxg5+ {[%emt 0:00:05]} Kg8 {[%emt 0:00:04]} 17. Rh4 {[%emt 0:00:25]} Bf5 {[%emt 0:00:15]} 18. Rc4 {[%emt 0:00:55]} Rad8 {[%emt 0:02:48]} 19. Rc5 {[%emt 0:00:56]} Qd6 {[%emt 0:00:07]} 20. O-O-O {[%emt 0:00:21]} Be6 {[%emt 0:00:07]} 21. Qe2 {[%emt 0:00:37]} b6 {[%emt 0:00:12]} 22. Rc3 {[%emt 0:00:21]} e4 {[%emt 0:00:11]} 23. Nd2 {[%emt 0:00:02]} exd3 {[%emt 0:00:38]} 24. Qh5 {[%emt 0:01:34]} Bf5 {[%emt 0:00:26]} 0-1

[Event "African Games-chT 2019"]
[Site "Casablanca"]
[Date "2019.08.25"]
[Round "7.6"]
[White "Arab, Adlane"]
[Black "Tissir, Mohamed"]
[Result "0-1"]
[WhiteElo "2485"]
[BlackElo "2379"]
[Annotator "ChessBase"]
[PlyCount "73"]
[EventDate "2019.08.24"]
[EventType "team-tourn"]
[EventCountry "MAR"]
[SourceTitle "playchess.com"]
[Source "ChessBase"]
[SourceQuality "1"]
[WhiteTeam "Algeria"]
[BlackTeam "Morocco"]
[WhiteTeamCountry "ALG"]
[BlackTeamCountry "MAR"]
[TimeControl "900+10"]

1. d4 {[%emt 0:00:00]} e6 {[%emt 0:00:16]} 2. c4 {[%emt 0:00:00]} c5 {[%emt 0:00:02]} 3. d5 {[%emt 0:00:00]} exd5 {[%emt 0:00:01]} 4. cxd5 {[%emt 0:00:00]} d6 {[%emt 0:00:01]} 5. Nc3 {[%emt 0:00:02]} Ne7 {[%emt 0:00:01]} 6. g3 {[%emt 0:00:12]} Ng6 {[%emt 0:00:06]} 7. Bg2 {[%emt 0:00:03]} Be7 {[%emt 0:00:01]} 8. Nf3 {[%emt 0:00:04]} O-O {[%emt 0:00:03]} 9. O-O {[%emt 0:00:04]} f5 {[%emt 0:01:56]} 10. a4 {[%emt 0:01:36]} f4 {[%emt 0:00:06]} 11. Ne4 {[%emt 0:00:37]} Na6 {[%emt 0:00:15]} 12. Bd2 {[%emt 0:00:30]} Bf5 {[%emt 0:00:25]} 13. Nc3 {[%emt 0:00:01]} Bd7 {[%emt 0:00:12]} 14. Ne1 {[%emt 0:01:27]} Nb4 {[%emt 0:00:37]} 15. Ne4 {[%emt 0:00:14]} a5 {[%emt 0:00:12]} 16. Bc3 {[%emt 0:00:16]} Qc8 {[%emt 0:00:20]} 17. Nd3 {[%emt 0:00:42]} Bh3 {[%emt 0:00:13]} 18. Bxb4 {[%emt 0:01:12]} axb4 {[%emt 0:00:03]} 19. Rc1 {[%emt 0:00:24]} Bxg2 {[%emt 0:00:27]} 20. Kxg2 {[%emt 0:00:01]} Qf5 {[%emt 0:00:01]} 21. f3 {[%emt 0:00:15]} fxg3 {[%emt 0:01:16]} 22. hxg3 {[%emt 0:00:05]} Qxd5 {[%emt 0:00:02]} 23. b3 {[%emt 0:01:09]} b6 {[%emt 0:00:38]} 24. Ndf2 {[%emt 0:00:11]} Qe6 {[%emt 0:00:11]} 25. Nd2 {[%emt 0:00:32]} d5 {[%emt 0:00:05]} 26. e4 {[%emt 0:00:13]} dxe4 {[%emt 0:00:03]} 27. Ndxe4 {[%emt 0:00:14]} Rad8 {[%emt 0:00:02]} 28. Qc2 {[%emt 0:00:18]} Ne5 {[%emt 0:02:03]} 29. f4 {[%emt 0:00:31]} Nc6 {[%emt 0:00:04]} 30. Rh1 {[%emt 0:00:43]} h6 {[%emt 0:00:01]} 31. Rce1 {[%emt 0:01:12]} Nd4 {[%emt 0:00:29]} 32. Qd1 {[%emt 0:00:48]} Qxb3 {[%emt 0:00:11]} 33. Qh5 {[%emt 0:00:11]} Qd5 {[%emt 0:00:55]} 34. Qg4 {[%emt 0:00:12]} Rd6 {[%emt 0:01:01]} 35. Rh5 {[%emt 0:00:23]} Qc6 {[%emt 0:00:23]} 36. Nd3 {[%emt 0:00:25]} Nc2 {[%emt 0:00:37]} 37. Ra1 0-1

[Event "African Games-chT 2019"]
[Site "Casablanca"]
[Date "2019.08.25"]
[Round "7.7"]
[White "Mayar ElIdrissi, Firdaous"]
[Black "Nassr, Lina"]
[Result "0-1"]
[WhiteElo "1760"]
[BlackElo "1938"]
[Annotator "NA"]
[PlyCount "48"]
[EventDate "2019.08.24"]
[EventType "team-tourn"]
[EventCountry "MAR"]
[SourceTitle "playchess.com"]
[Source "ChessBase"]
[SourceQuality "1"]
[WhiteTeam "Morocco"]
[BlackTeam "Algeria"]
[WhiteTeamCountry "MAR"]
[BlackTeamCountry "ALG"]
[TimeControl "900+10"]

1. e4 {[%emt 0:00:00]} c5 {[%emt 0:00:00]} 2. Nf3 {[%emt 0:00:00]} e6 {[%emt 0:00:00]} 3. d4 {[%emt 0:00:00]} cxd4 {[%emt 0:00:00]} 4. Nxd4 {[%emt 0:00:00]} Nf6 {[%emt 0:00:00]} 5. Bd3 {[%emt 0:00:07]} Nc6 {[%emt 0:00:02]} 6. Be3 {[%emt 0:00:07]} e5 {[%emt 0:01:17]} 7. Nb3 {[%emt 0:00:47]} d5 {[%emt 0:00:11]} 8. exd5 {[%emt 0:00:57]} Nxd5 {[%emt 0:00:11]} 9. Bd2 {[%emt 0:00:22]} Be7 {[%emt 0:00:17]} 10. O-O {[%emt 0:00:02]} O-O {[%emt 0:00:03]} 11. Nc3 {[%emt 0:00:26]} Be6 {[%emt 0:00:54]} 12. Re1 {[%emt 0:01:49]} Rc8 {[%emt 0:00:39]} 13. Ne4 {[%emt 0:00:11]} Ncb4 {[%emt 0:01:11]} 14. Bxb4 {[%emt 0:04:23]} Nxb4 {[%emt 0:00:04]} 15. Nc1 {[%emt 0:01:19]} f5 {[%emt 0:01:17]} 16. Nc3 {[%emt 0:00:29]} Qc7 {[%emt 0:02:13]} 17. a3 Nxd3 {[%emt 0:00:15]} 18. Nxd3 {[%emt 0:00:47]} e4 {[%emt 0:01:33]} 19. Qe2 {[%emt 0:02:43]} Bc4 {[%emt 0:00:49]} 20. Qe3 {[%emt 0:00:40]} Bd6 {[%emt 0:00:52]} 21. Nb4 {[%emt 0:00:30]} Bxh2+ {[%emt 0:01:07]} 22. Kh1 {[%emt 0:00:00]} Bf4 {[%emt 0:01:13]} 23. Qxa7 {[%emt 0:00:10]} Rf6 {[%emt 0:00:47]} 24. Ne2 {[%emt 0:02:57]} Bd2 {[%emt 0:02:29]} 0-1

[Event "African Games-chT 2019"]
[Site "Casablanca"]
[Date "2019.08.25"]
[Round "7.8"]
[White "Latreche, Sabrina"]
[Black "Rania, Sbai"]
[Result "1/2-1/2"]
[WhiteElo "2064"]
[BlackElo "1853"]
[Annotator "NA"]
[PlyCount "93"]
[EventDate "2019.08.24"]
[EventType "team-tourn"]
[EventCountry "MAR"]
[SourceTitle "playchess.com"]
[Source "ChessBase"]
[SourceQuality "1"]
[WhiteTeam "Algeria"]
[BlackTeam "Morocco"]
[WhiteTeamCountry "ALG"]
[BlackTeamCountry "MAR"]
[TimeControl "900+10"]

1. e4 {[%emt 0:00:00]} e5 {[%emt 0:00:00]} 2. Nf3 {[%emt 0:00:00]} Nc6 {[%emt 0:00:00]} 3. Bc4 {[%emt 0:00:01]} Bc5 {[%emt 0:00:00]} 4. c3 {[%emt 0:00:02]} Nf6 {[%emt 0:00:07]} 5. d4 {[%emt 0:00:21]} exd4 {[%emt 0:00:13]} 6. cxd4 {[%emt 0:00:02]} Bb4+ {[%emt 0:00:01]} 7. Bd2 {[%emt 0:00:02]} Bxd2+ {[%emt 0:01:06]} 8. Nbxd2 {[%emt 0:00:01]} d5 {[%emt 0:00:46]} 9. exd5 {[%emt 0:00:02]} Nxd5 {[%emt 0:00:02]} 10. Qb3 {[%emt 0:00:23]} Nce7 {[%emt 0:01:02]} 11. O-O {[%emt 0:00:03]} O-O {[%emt 0:00:05]} 12. Rfe1 {[%emt 0:00:01]} c6 {[%emt 0:01:08]} 13. Ne4 {[%emt 0:00:02]} Qb6 {[%emt 0:00:42]} 14. Qxb6 {[%emt 0:02:41]} axb6 {[%emt 0:00:01]} 15. Nd6 {[%emt 0:00:20]} Rd8 {[%emt 0:02:34]} 16. Nxc8 {[%emt 0:00:18]} Raxc8 {[%emt 0:00:13]} 17. Re2 {[%emt 0:01:23]} Nf5 {[%emt 0:01:51]} 18. Rae1 {[%emt 0:00:42]} g6 {[%emt 0:01:03]} 19. g3 {[%emt 0:01:19]} b5 {[%emt 0:01:49]} 20. Bd3 {[%emt 0:00:23]} Nxd4 {[%emt 0:01:38]} 21. Nxd4 {[%emt 0:00:27]} Nb4 {[%emt 0:00:01]} 22. Nxc6 {[%emt 0:01:10]} bxc6 {[%emt 0:01:11]} 23. Bb1 {[%emt 0:00:01]} Nd5 {[%emt 0:00:10]} 24. Kg2 {[%emt 0:00:39]} Kg7 {[%emt 0:00:14]} 25. a3 {[%emt 0:00:53]} Rc7 {[%emt 0:00:18]} 26. Ba2 {[%emt 0:00:51]} Rcd7 {[%emt 0:01:08]} 27. Rc1 {[%emt 0:00:34]} Ne7 {[%emt 0:00:31]} 28. Rc5 {[%emt 0:00:17]} Kf6 {[%emt 0:00:06]} 29. Rcc2 {[%emt 0:00:33]} Rd1 {[%emt 0:00:21]} 30. Bb3 {[%emt 0:00:52]} R1d6 {[%emt 0:00:01]} 31. Re4 {[%emt 0:01:41]} Nf5 {[%emt 0:00:20]} 32. Ba2 {[%emt 0:00:17]} R8d7 {[%emt 0:00:58]} 33. Rce2 {[%emt 0:01:51]} Rd2 {[%emt 0:00:19]} 34. g4 {[%emt 0:00:40]} Rxe2 {[%emt 0:00:12]} 35. Rxe2 {[%emt 0:00:01]} Nd4 {[%emt 0:00:15]} 36. Rd2 {[%emt 0:00:09]} c5 {[%emt 0:00:01]} 37. Bb1 {[%emt 0:00:13]} Re7 {[%emt 0:00:16]} 38. Bd3 {[%emt 0:00:10]} Nb3 {[%emt 0:00:24]} 39. Rc2 {[%emt 0:00:02]} c4 {[%emt 0:00:01]} 40. Bf1 {[%emt 0:00:08]} Re1 {[%emt 0:00:01]} 41. a4 {[%emt 0:00:10]} bxa4 {[%emt 0:00:11]} 42. Bxc4 {[%emt 0:00:01]} Rb1 {[%emt 0:00:24]} 43. Re2 {[%emt 0:00:24]} Rc1 {[%emt 0:00:10]} 44. Bxb3 {[%emt 0:00:09]} axb3 45. Re3 Rc4 {[%emt 0:00:10]} 46. h3 {[%emt 0:00:15]} Rb4 {[%emt 0:00:01]} 47. Kg3 1/2-1/2

[Event "African Games-chT 2019"]
[Site "Casablanca"]
[Date "2019.08.25"]
[Round "7.9"]
[White "Aderito, Pedro"]
[Black "Makoto, Rodwell"]
[Result "1/2-1/2"]
[WhiteElo "2301"]
[BlackElo "2373"]
[Annotator "ChessBase"]
[PlyCount "89"]
[EventDate "2019.08.24"]
[EventType "team-tourn"]
[EventCountry "MAR"]
[SourceTitle "playchess.com"]
[Source "ChessBase"]
[SourceQuality "1"]
[WhiteTeam "Angola"]
[BlackTeam "Zimbabwe"]
[WhiteTeamCountry "ANG"]
[BlackTeamCountry "ZIM"]
[TimeControl "900+10"]

1. d4 {[%emt 0:00:00]} Nf6 {[%emt 0:00:00]} 2. Nf3 g6 3. g3 {[%emt 0:00:01]} Bg7 {[%emt 0:00:00]} 4. Bg2 {[%emt 0:00:02]} d5 {[%emt 0:00:00]} 5. O-O {[%emt 0:00:09]} O-O {[%emt 0:00:00]} 6. c4 {[%emt 0:00:03]} c6 {[%emt 0:00:00]} 7. Nc3 {[%emt 0:00:06]} dxc4 {[%emt 0:00:07]} 8. Ne5 {[%emt 0:00:05]} Be6 {[%emt 0:00:15]} 9. e4 {[%emt 0:00:08]} Nbd7 {[%emt 0:00:42]} 10. Nf3 {[%emt 0:00:39]} Bg4 {[%emt 0:01:08]} 11. h3 {[%emt 0:03:23]} Bxf3 {[%emt 0:00:01]} 12. Bxf3 {[%emt 0:00:10]} e5 {[%emt 0:00:28]} 13. d5 {[%emt 0:00:49]} cxd5 {[%emt 0:00:01]} 14. exd5 {[%emt 0:00:01]} Ne8 {[%emt 0:00:36]} 15. d6 {[%emt 0:04:22]} Nc5 {[%emt 0:00:24]} 16. Be3 {[%emt 0:00:11]} Nd3 {[%emt 0:00:11]} 17. Bxb7 {[%emt 0:00:56]} Rb8 {[%emt 0:00:01]} 18. Bg2 {[%emt 0:00:13]} Nxd6 {[%emt 0:00:21]} 19. Bxa7 {[%emt 0:00:18]} Rxb2 {[%emt 0:00:04]} 20. Na4 {[%emt 0:00:51]} Rb4 {[%emt 0:01:35]} 21. a3 {[%emt 0:00:51]} Rb3 {[%emt 0:01:12]} 22. Nc5 {[%emt 0:00:05]} Nxc5 {[%emt 0:02:29]} 23. Bxc5 {[%emt 0:00:02]} Rd3 {[%emt 0:00:01]} 24. Qa4 {[%emt 0:00:31]} Qc7 {[%emt 0:00:04]} 25. Bb4 {[%emt 0:00:07]} Rc8 {[%emt 0:00:32]} 26. Rac1 {[%emt 0:00:10]} e4 {[%emt 0:00:44]} 27. Bxd6 {[%emt 0:00:19]} Qxd6 {[%emt 0:00:02]} 28. Bxe4 {[%emt 0:01:33]} Rxa3 {[%emt 0:00:25]} 29. Qd1 {[%emt 0:00:41]} Qxd1 {[%emt 0:00:16]} 30. Rfxd1 {[%emt 0:00:03]} Bb2 {[%emt 0:00:32]} 31. Rc2 {[%emt 0:00:05]} Ra1 {[%emt 0:00:20]} 32. Rxa1 {[%emt 0:00:23]} Bxa1 {[%emt 0:00:01]} 33. Ra2 {[%emt 0:00:06]} Bd4 {[%emt 0:00:15]} 34. Kf1 {[%emt 0:00:18]} f5 {[%emt 0:00:22]} 35. Ra8 {[%emt 0:00:55]} Rxa8 {[%emt 0:00:01]} 36. Bxa8 {[%emt 0:00:01]} Kg7 {[%emt 0:00:06]} 37. Bd5 {[%emt 0:00:02]} c3 {[%emt 0:00:01]} 38. Bb3 {[%emt 0:00:01]} Kf6 {[%emt 0:00:07]} 39. Ke2 {[%emt 0:00:06]} Ke5 {[%emt 0:00:07]} 40. f3 {[%emt 0:00:16]} h5 {[%emt 0:00:03]} 41. f4+ {[%emt 0:01:43]} Kf6 {[%emt 0:00:01]} 42. Kf3 {[%emt 0:00:12]} Bb6 {[%emt 0:00:09]} 43. Ke2 {[%emt 0:00:08]} Bc7 {[%emt 0:00:16]} 44. Kf3 {[%emt 0:00:06]} Bd6 {[%emt 0:00:02]} 45. g4 {[%emt 0:00:13] Ke5} 1/2-1/2

[Event "African Games-chT 2019"]
[Site "Casablanca"]
[Date "2019.08.25"]
[Round "7.10"]
[White "Mushore, Emarald Takudzwa"]
[Black "Silva, David"]
[Result "1-0"]
[WhiteElo "2198"]
[BlackElo "2239"]
[Annotator "ChessBase"]
[PlyCount "83"]
[EventDate "2019.08.24"]
[EventType "team-tourn"]
[EventCountry "MAR"]
[SourceTitle "playchess.com"]
[Source "ChessBase"]
[SourceQuality "1"]
[WhiteTeam "Zimbabwe"]
[BlackTeam "Angola"]
[WhiteTeamCountry "ZIM"]
[BlackTeamCountry "ANG"]
[TimeControl "900+10"]

1. e4 {[%emt 0:00:00]} e5 {[%emt 0:01:00]} 2. Nf3 {[%emt 0:00:00]} Nc6 {[%emt 0:00:02]} 3. Bc4 {[%emt 0:00:00]} Nf6 {[%emt 0:00:01]} 4. d3 {[%emt 0:00:04]} Bc5 {[%emt 0:00:03]} 5. c3 {[%emt 0:00:02]} d6 {[%emt 0:00:06]} 6. O-O {[%emt 0:00:04]} a6 {[%emt 0:00:02]} 7. a4 {[%emt 0:00:10]} Ba7 {[%emt 0:00:02]} 8. Na3 {[%emt 0:00:15]} h6 {[%emt 0:00:03]} 9. Nc2 {[%emt 0:00:11]} O-O {[%emt 0:00:03]} 10. Be3 {[%emt 0:00:02]} d5 {[%emt 0:00:02]} 11. exd5 {[%emt 0:00:07]} Nxd5 {[%emt 0:00:03]} 12. Bxa7 {[%emt 0:00:04]} Rxa7 {[%emt 0:00:02]} 13. Ne3 {[%emt 0:00:09]} Nf4 {[%emt 0:00:19]} 14. Re1 {[%emt 0:00:34]} Ra8 {[%emt 0:00:39]} 15. Qc2 {[%emt 0:00:30]} Qf6 {[%emt 0:04:16]} 16. Nd5 {[%emt 0:00:17]} Qg6 {[%emt 0:00:33]} 17. Nxf4 {[%emt 0:00:15]} exf4 {[%emt 0:00:02]} 18. Qd2 {[%emt 0:01:23]} Bh3 {[%emt 0:01:46]} 19. g3 {[%emt 0:00:02]} fxg3 {[%emt 0:00:04]} 20. hxg3 {[%emt 0:00:02]} Rad8 {[%emt 0:00:25]} 21. d4 {[%emt 0:00:03]} Qh5 {[%emt 0:00:12]} 22. Qf4 {[%emt 0:00:33]} Rd6 {[%emt 0:00:37]} 23. Qh4 {[%emt 0:01:17]} Qf5 {[%emt 0:02:12]} 24. Qe4 {[%emt 0:00:50]} Qh5 {[%emt 0:01:08]} 25. Nh4 {[%emt 0:02:37]} Bg4 {[%emt 0:01:14]} 26. Be2 {[%emt 0:01:49]} Bxe2 {[%emt 0:00:30]} 27. Qxe2 {[%emt 0:00:01]} Qg5 {[%emt 0:00:08]} 28. Qe3 {[%emt 0:00:06]} Qd5 {[%emt 0:00:09]} 29. Ng2 {[%emt 0:00:27]} Rf6 {[%emt 0:00:20]} 30. Nf4 {[%emt 0:00:07]} Qg5 {[%emt 0:00:01]} 31. Rad1 {[%emt 0:00:46]} Na5 {[%emt 0:01:33]} 32. Nd3 {[%emt 0:01:08]} Qg6 {[%emt 0:00:26]} 33. Qe4 {[%emt 0:00:49]} Qg5 {[%emt 0:01:55]} 34. Qe5 {[%emt 0:01:12]} Qxe5 {[%emt 0:00:02]} 35. Rxe5 {[%emt 0:00:03]} Nc6 {[%emt 0:00:01]} 36. Re3 {[%emt 0:00:26]} Rd8 {[%emt 0:00:03]} 37. Rde1 {[%emt 0:00:06]} Kf8 {[%emt 0:00:08]} 38. Nc5 {[%emt 0:00:02]} g5 {[%emt 0:00:30]} 39. Nxb7 {[%emt 0:00:07]} Rd5 {[%emt 0:00:11]} 40. Nc5 {[%emt 0:00:03]} Na5 {[%emt 0:00:06]} 41. Re5 {[%emt 0:00:26]} Rdd6 {[%emt 0:00:40]} 42. Ne4 {[%emt 0:00:04]} 1-0

[Event "African Games-chT 2019"]
[Site "Casablanca"]
[Date "2019.08.25"]
[Round "7.11"]
[White "Caxita, Esperanca"]
[Black "Shaba, Linda"]
[Result "1-0"]
[WhiteElo "1803"]
[BlackElo "1615"]
[Annotator "NA"]
[PlyCount "65"]
[EventDate "2019.08.24"]
[EventType "team-tourn"]
[EventCountry "MAR"]
[SourceTitle "playchess.com"]
[Source "ChessBase"]
[SourceQuality "1"]
[WhiteTeam "Angola"]
[BlackTeam "Zimbabwe"]
[WhiteTeamCountry "ANG"]
[BlackTeamCountry "ZIM"]
[TimeControl "900+10"]

1. e4 {[%emt 0:00:00]} e6 {[%emt 0:00:00]} 2. d4 {[%emt 0:00:00]} d5 {[%emt 0:00:00]} 3. e5 {[%emt 0:00:09]} c5 {[%emt 0:00:00]} 4. c3 {[%emt 0:00:02]} Nc6 {[%emt 0:00:01]} 5. Bb5 {[%emt 0:00:03]} Qb6 {[%emt 0:00:10]} 6. Bxc6+ {[%emt 0:00:09]} bxc6 {[%emt 0:00:02]} 7. Nf3 {[%emt 0:00:05]} Ba6 {[%emt 0:00:02]} 8. Qb3 {[%emt 0:00:32]} cxd4 {[%emt 0:00:23]} 9. Qxb6 {[%emt 0:01:48]} axb6 {[%emt 0:00:03]} 10. cxd4 {[%emt 0:00:08]} c5 {[%emt 0:00:28]} 11. Be3 {[%emt 0:00:16]} Rc8 {[%emt 0:01:40]} 12. Nc3 {[%emt 0:00:22]} cxd4 {[%emt 0:01:11]} 13. Nxd4 {[%emt 0:00:30]} Bb4 {[%emt 0:01:48]} 14. Rc1 {[%emt 0:01:02]} Ne7 {[%emt 0:00:36]} 15. a3 {[%emt 0:02:31]} Bxc3+ {[%emt 0:04:26]} 16. Rxc3 {[%emt 0:00:02]} Rxc3 {[%emt 0:01:36]} 17. bxc3 {[%emt 0:00:01]} Bc4 {[%emt 0:01:26]} 18. Kd2 {[%emt 0:00:13]} Kd7 {[%emt 0:00:04]} 19. Rb1 {[%emt 0:00:32]} Ra8 {[%emt 0:02:43]} 20. Rxb6 {[%emt 0:02:45]} Kc7 {[%emt 0:00:23]} 21. Rb4 {[%emt 0:00:27]} Rxa3 {[%emt 0:00:06]} 22. Rxc4+ {[%emt 0:00:05]} dxc4 {[%emt 0:00:07]} 23. Nb5+ {[%emt 0:00:01]} Kc6 {[%emt 0:00:01]} 24. Nxa3 {[%emt 0:00:01]} Kd5 {[%emt 0:00:02]} 25. f4 {[%emt 0:01:02]} f6 {[%emt 0:00:15]} 26. Bd4 {[%emt 0:00:44]} f5 {[%emt 0:00:07]} 27. Nb5 {[%emt 0:00:08]} Kc6 {[%emt 0:00:11]} 28. Nd6 {[%emt 0:00:33]} h5 {[%emt 0:00:18]} 29. Nxc4 {[%emt 0:00:07]} Kd5 {[%emt 0:00:31]} 30. Nd6 {[%emt 0:00:17]} Nc6 {[%emt 0:00:14]} 31. Kd3 {[%emt 0:00:22]} Na5 {[%emt 0:00:15]} 32. Ne8 {[%emt 0:00:35]} Nc4 {[%emt 0:00:36]} 33. Nc7+ {[%emt 0:00:38]} 1-0

[Event "African Games-chT 2019"]
[Site "Casablanca"]
[Date "2019.08.25"]
[Round "7.12"]
[White "Wakuruwarewa, Colletta"]
[Black "Pires, Luzia"]
[Result "1-0"]
[WhiteElo "1587"]
[BlackElo "1924"]
[Annotator "NA"]
[PlyCount "127"]
[EventDate "2019.08.24"]
[EventType "team-tourn"]
[EventCountry "MAR"]
[SourceTitle "playchess.com"]
[Source "ChessBase"]
[SourceQuality "1"]
[WhiteTeam "Zimbabwe"]
[BlackTeam "Angola"]
[WhiteTeamCountry "ZIM"]
[BlackTeamCountry "ANG"]
[TimeControl "900+10"]

1. e4 {[%emt 0:00:00]} c5 {[%emt 0:00:00]} 2. Nf3 {[%emt 0:00:00]} d6 {[%emt 0:00:00]} 3. c3 {[%emt 0:00:00]} Nf6 {[%emt 0:00:00]} 4. d3 {[%emt 0:00:04]} g6 {[%emt 0:00:00]} 5. h3 {[%emt 0:00:10]} Bg7 {[%emt 0:00:01]} 6. Be3 {[%emt 0:00:02]} O-O {[%emt 0:00:04]} 7. Be2 {[%emt 0:00:02]} Nc6 {[%emt 0:00:05]} 8. O-O {[%emt 0:00:04]} Bd7 {[%emt 0:00:30]} 9. Nbd2 {[%emt 0:00:06]} Rc8 {[%emt 0:00:09]} 10. Rc1 {[%emt 0:00:02]} Qa5 {[%emt 0:00:37]} 11. Nc4 {[%emt 0:00:54]} Qd8 {[%emt 0:00:26]} 12. Re1 {[%emt 0:01:43]} a6 {[%emt 0:00:11]} 13. Ncd2 {[%emt 0:00:29]} Qc7 {[%emt 0:01:30]} 14. Nf1 {[%emt 0:00:20]} Nh5 {[%emt 0:01:05]} 15. N3d2 {[%emt 0:00:25]} Nf6 {[%emt 0:00:12]} 16. Ng3 {[%emt 0:00:02]} Rfe8 {[%emt 0:00:37]} 17. Nf3 {[%emt 0:00:03]} Qd8 {[%emt 0:00:30]} 18. Qd2 {[%emt 0:00:04]} b5 {[%emt 0:00:39]} 19. Bh6 {[%emt 0:00:15]} Qa5 {[%emt 0:00:16]} 20. a3 {[%emt 0:00:35]} Qb6 {[%emt 0:00:28]} 21. Qg5 {[%emt 0:02:25]} Qd8 {[%emt 0:01:30]} 22. Nf5 {[%emt 0:03:55]} Bxh6 {[%emt 0:02:03]} 23. Nxh6+ {[%emt 0:00:18]} Kg7 {[%emt 0:00:09]} 24. Nf5+ {[%emt 0:01:11]} Kh8 {[%emt 0:01:20]} 25. Nh6 {[%emt 0:01:28]} Rf8 {[%emt 0:00:59]} 26. Qh4 {[%emt 0:00:48]} Kg7 {[%emt 0:00:27]} 27. Ng5 {[%emt 0:00:37]} e5 {[%emt 0:01:44]} 28. Bd1 {[%emt 0:00:52]} Be6 {[%emt 0:00:54]} 29. Re3 {[%emt 0:01:52]} Rc7 {[%emt 0:01:10]} 30. Rg3 {[%emt 0:00:23]} Rh8 {[%emt 0:00:11]} 31. Kh2 {[%emt 0:00:36]} Qe7 {[%emt 0:00:20]} 32. Kh1 {[%emt 0:00:01]} Qd8 33. Kg1 Ng8 {[%emt 0:00:25]} 34. Nxe6+ {[%emt 0:00:16]} fxe6 {[%emt 0:00:09]} 35. Qxd8 {[%emt 0:00:03]} Nxd8 {[%emt 0:00:03]} 36. Ng4 {[%emt 0:00:00]} Nc6 {[%emt 0:00:14]} 37. Rf3 {[%emt 0:00:03]} h5 {[%emt 0:00:10]} 38. Ne3 {[%emt 0:00:05]} Nf6 {[%emt 0:00:04]} 39. Bb3 {[%emt 0:00:05]} Re8 {[%emt 0:00:08]} 40. Re1 {[%emt 0:00:04]} Na5 {[%emt 0:00:10]} 41. Ba2 {[%emt 0:00:06]} Rd7 {[%emt 0:00:18]} 42. Kh2 {[%emt 0:00:09]} Nh7 {[%emt 0:00:11]} 43. h4 {[%emt 0:00:09]} Nf6 {[%emt 0:00:04]} 44. Kg1 {[%emt 0:00:16]} Nc6 {[%emt 0:00:14]} 45. Bb3 {[%emt 0:00:05]} d5 {[%emt 0:00:02]} 46. exd5 {[%emt 0:00:06]} exd5 {[%emt 0:00:02]} 47. Rg3 {[%emt 0:00:14]} Kh7 {[%emt 0:00:21]} 48. Rg5 {[%emt 0:00:08]} d4 {[%emt 0:00:12]} 49. cxd4 {[%emt 0:00:38]} Rxd4 {[%emt 0:00:40]} 50. Bf7 {[%emt 0:00:10]} Red8 {[%emt 0:00:26]} 51. Bxg6+ {[%emt 0:00:02]} Kh8 {[%emt 0:00:10]} 52. Be4 {[%emt 0:00:29]} Nxe4 {[%emt 0:00:21]} 53. dxe4 {[%emt 0:00:07]} Rxe4 {[%emt 0:00:05]} 54. Rxh5+ {[%emt 0:00:02]} Kg8 {[%emt 0:00:01]} 55. Rg5+ Kh8 {[%emt 0:00:08]} 56. Rh5+ {[%emt 0:00:13]} Kg8 {[%emt 0:00:03]} 57. Rg5+ {[%emt 0:00:03]} Kf7 {[%emt 0:00:05]} 58. f3 {[%emt 0:00:21]} Rxh4 {[%emt 0:00:07]} 59. Ng4 {[%emt 0:00:05]} Re8 {[%emt 0:00:16]} 60. Kf2 {[%emt 0:00:39]} Rhh8 {[%emt 0:00:41]} 61. Nxe5+ {[%emt 0:00:07]} Kf6 {[%emt 0:00:17]} 62. Rg6+ {[%emt 0:00:04]} Kf5 {[%emt 0:00:21]} 63. g4+ {[%emt 0:00:07]} Kf4 {[%emt 0:00:18]} 64. Re4# {[%emt 0:00:01]} 1-0